000 00384nam a2200157Ia 4500
005 20250423095925.0
008 250422s9999 xx 000 0 und d
020 _a9789750221637
050 _aHT 384 .K47/
245 0 _aKentlesme yazilari : kentsel kuramlar ve kentlesme politikalari
260 _aAnkara
260 _bSeckin
260 _c2013
300 _a390 p
942 _cBK
999 _c31747
_d31747